Machine learning with spark and python / (Record no. 240858)
[ view plain ]
| 000 -LEADER | |
|---|---|
| fixed length control field | 01913nam a22002297a 4500 |
| 005 - DATE AND TIME OF LATEST TRANSACTION | |
| control field | 20260210164451.0 |
| 008 - FIXED-LENGTH DATA ELEMENTS--GENERAL INFORMATION | |
| fixed length control field | 260209b |||||||| |||| 00| 0 eng d |
| 020 ## - INTERNATIONAL STANDARD BOOK NUMBER | |
| International Standard Book Number | 9789363861817 |
| 040 ## - CATALOGING SOURCE | |
| Transcribing agency | AIMIT LIBRARY |
| 082 ## - DEWEY DECIMAL CLASSIFICATION NUMBER | |
| Edition number | 1 |
| Classification number | 006.31 |
| Item number | BOWM |
| 100 ## - MAIN ENTRY--PERSONAL NAME | |
| Personal name | Bowles, Michael. |
| 9 (RLIN) | 254161 |
| 245 ## - TITLE STATEMENT | |
| Title | Machine learning with spark and python / |
| Remainder of title | essential techniques for predictive analytics : |
| Statement of responsibility, etc. | By Michael Bowles. |
| 250 ## - EDITION STATEMENT | |
| Edition statement | 2nd ed. |
| 260 ## - PUBLICATION, DISTRIBUTION, ETC. | |
| Place of publication, distribution, etc. | New Delhi : |
| Name of publisher, distributor, etc. | Wiley , |
| Date of publication, distribution, etc. | 2025. |
| 300 ## - PHYSICAL DESCRIPTION | |
| Extent | xxix,364p. ; |
| Other physical details | PB |
| Dimensions | 24 cm |
| 500 ## - GENERAL NOTE | |
| General note | Machine Learning with Spark and Python: Essential Techniques for Predictive Analytics, Second Edition<br/>Unlock the power of machine learning with Spark and Python in this updated second edition, designed for practical, real-world applications. This edition introduces Apache Spark, a powerful framework that simplifies processing of large data sets for faster,. With easy-to-follow examples, you'll learn how to implement two key machine learning algorithms using Python code—without needing advanced programming skills. Ideal for students and professionals looking to master ML techniques and boost their data science expertise. |
| 505 ## - FORMATTED CONTENTS NOTE | |
| Statement of responsibility | Dr. Michael Bowles (Mike) holds bachelor’s and master’s degrees in mechanical engineering, an ScD in instrumentation, and an MBA. He has worked in academia, technology, and business. Mike currently works with companies where artificial intelligence or machine learning are integral to success. He serves variously as part of the management team, a consultant, or advisor. He also teaches machine learning courses at UC Berkeley and Hacker Dojo, a co-working space and startup incubator in Mountain View, CA. |
| 650 ## - SUBJECT ADDED ENTRY--TOPICAL TERM | |
| Topical term or geographic name entry element | The two essential algorithms for making predictions |
| 9 (RLIN) | 254162 |
| 650 ## - SUBJECT ADDED ENTRY--TOPICAL TERM | |
| Topical term or geographic name entry element | Penalized linear regression |
| 9 (RLIN) | 254163 |
| 650 ## - SUBJECT ADDED ENTRY--TOPICAL TERM | |
| Topical term or geographic name entry element | Building ensemble models with python |
| 9 (RLIN) | 254164 |
| 942 ## - ADDED ENTRY ELEMENTS (KOHA) | |
| Source of classification or shelving scheme | Dewey Decimal Classification |
| Koha item type | Book |
| Edition | 2nd |
| Call number prefix | 006.31 BOWM |
| Withdrawn status | Lost status | Source of classification or shelving scheme | Damaged status | Not for loan | Collection code | Home library | Current library | Shelving location | Date acquired | Source of acquisition | Cost, normal purchase price | Inventory number | Total Checkouts | Full call number | Barcode | Date last seen | Cost, replacement price | Price effective from | Koha item type |
|---|---|---|---|---|---|---|---|---|---|---|---|---|---|---|---|---|---|---|---|
| Dewey Decimal Classification | MCA | St Aloysius Institute of Management & Information Technology | St Aloysius Institute of Management & Information Technology | Machine Learning | 02/03/2026 | KL Book House | 689.00 | Bill.no:1288; Bill.dt:2026/01/23 | 006.31 BOWM | MCA17371 | 05/23/2026 | 516.75 | 02/09/2026 | Book | |||||
| Dewey Decimal Classification | MCA | St Aloysius Institute of Management & Information Technology | St Aloysius Institute of Management & Information Technology | Machine Learning | 02/23/2026 | SK Publishers & Distributors | 689.00 | Billno:SKP4044;Billdt:2026/2/2 | 006.31 BOWM | MCA17395 | 05/23/2026 | 516.75 | 02/09/2026 | Book |